Don't talk to strangers! / (Record no. 1663)

MARC details
000 -LEADER
fixed length control field 01036ngm a22002655a 4500
005 - DATE AND TIME OF LATEST TRANSACTION
control field 20231123105925.0
020 ## - INTERNATIONAL STANDARD BOOK NUMBER
International Standard Book Number 9780545001038
040 ## - CATALOGING SOURCE
Original cataloging agency DLC
Transcribing agency DLC
Description conventions amim
Language of cataloging eng
050 00 - LIBRARY OF CONGRESS CALL NUMBER
Classification number PZ7.M51458
082 ## - DEWEY DECIMAL CLASSIFICATION NUMBER
Classification number 613.6
100 ## - MAIN ENTRY--PERSONAL NAME
Personal name Mehlhaff, Christine
245 00 - TITLE STATEMENT
Title Don't talk to strangers! /
Statement of responsibility, etc. by Christine Mehlhaff Illustrated by Kathi Ember
250 ## - EDITION STATEMENT
Edition statement First printing, September 2007
260 ## - PUBLICATION, DISTRIBUTION, ETC.
Name of publisher, distributor, etc. Scholastic,
Place of publication, distribution, etc. New York :
Date of publication, distribution, etc. 2007
300 ## - PHYSICAL DESCRIPTION
Extent 22 pages :
Other physical details color illustrations ;
Dimensions 26 cm
500 ## - GENERAL NOTE
General note Copyright: MTE, Inc. Appl. au.: Irish Films, Inc. DCR 1994; PUB 20Jun94; REG 26Jun95; PA703-498.
500 ## - GENERAL NOTE
General note Source used: copyright data base.
505 ## - FORMATTED CONTENTS NOTE
Formatted contents note M <br/>
520 ## - SUMMARY, ETC.
Summary, etc. Emma Lion loves to make new friends, but Mama tells her to be careful and never talk to strangers. Emma sees new people to meet everywhere she goes. How will she know who is a stranger?
521 ## - TARGET AUDIENCE NOTE
Target audience note 540 <br/>
Source Lexile<br/><br/>
521 ## - TARGET AUDIENCE NOTE
Target audience note M <br/>
Source Raz-Plus <br/>
906 ## - LOCAL DATA ELEMENT F, LDF (RLIN)
a 0
b ibc
c orignew
d u
e ncip
f 19
g y-movingim
942 ## - ADDED ENTRY ELEMENTS (KOHA)
Source of classification or shelving scheme Dewey Decimal Classification
Koha item type Books
Suppress in OPAC No
999 ## -
-- 1663
-- 1663
Holdings
Withdrawn status Lost status Source of classification or shelving scheme Damaged status Not for loan Collection Home library Current library Shelving location Date acquired Total Checkouts Full call number Barcode Date last seen Date last checked out Price effective from Koha item type
    Dewey Decimal Classification     Juvenile Fiction Footprints International School Library Network Toul Kork Campus Footprints International School Library Network Toul Kork Campus   09/13/2023 3 MEH 613.6 PZ7.M51458 FIS04974 03/05/2024 02/27/2024 09/13/2023 Books